000
00288nam a22001097a 4500
082
_a
808.5 KAL'M
100
_a
KALLSON, T. J
_9
57888
245
_a
MODERN RHETORIC AND USAGE FOR COLLEGE COMPOSITION AND COMMUNICATION
260
_a
NEWYORK
_b
HENRY HOLT
_c
1955
300
_a
506P
942
_c
BK
999
_c
568131
_d
568131